01635 2200493 4500001002100000005001500021035002000036007000300056008004100059020002200100082000800122084001400130100003400144245017800178300005300356500003400409650001900443700004300462700002600505700003100531700003100562700003100593502002500624520002500649520002100674520002500695520002100720520002500741740004900766264003200815336002100847337003000868338002300898990002200921990002200943990002200965990002200987990002201009990002201031990002201053990002201075990002201097990002201119INLIS00000000000009920240430014803 a0010-0424000093ta240430 d 0 eng  a978-602-232-581-9 a600 a600 NET s0 aNeti MarsetiyowatiePengarang1 aStudent's Book English for Senior High School Grade X /cNeti Marsetiyowati; Puput Akad Ningtyas Pratiwi; Roosalina; Indah Wulandari; Sandy Ramadhan; Muhammad Zuhdi; Tutik S axii, 136 halaman :bIlustrasi ;c25 cm x 17,5 cm aJumblah buku yang tersedia 47 4aBahasa Inggris0 aPuput Akad Ningtyas PratiwiePengarang0 aRoosalinaePenyunting0 aIndah WulandariePengarang0 aSandy RamadhaneIlustrator0 aMuhammad ZuhdieIlustrator aBibliografi; 210-215 aBibliografi; 216-217 aBibliografi; 218 aBibliografi; 219-227 aBibliografi; 228 aBibliografi; 229-236 aBuku Siswa Bahasa Inggris untuk SMA Kelas X aSidoarjo :bMasmedia,c2017 2rdacontentaTeks 2rdamediaaTanpa Perantara 2rdacarrieraVolume a02459/SMAN1S/2024 a02460/SMAN1S/2024 a02461/SMAN1S/2024 a02462/SMAN1S/2024 a02463/SMAN1S/2024 a02459/SMAN1S/2024 a02460/SMAN1S/2024 a02461/SMAN1S/2024 a02462/SMAN1S/2024 a02463/SMAN1S/2024